[Event "SF Olfen 1 - SC Rochade Emsdetten 2"]
[Site "Verbandsliga 2015/2016"]
[Date "2015.09.12"]
[Round "1.3"]
[White "Hemmers, Dieter"]
[Black "Grawunder, Jürgen"]
[Result "1/2-1/2"]
[WhiteElo "1799"]
[BlackElo "1969"]
[PlyCount "105"]
[EventDate "2015.??.??"]
[SourceDate "2015.09.20"]

1. e4 d6 2. d4 Nd7 3. Nf3 g6 4. Nc3 Bg7 5. Bc4 h6 6. Be3 c6 7. Bb3 Qc7 8. O-O
e5 9. h3 Ngf6 10. dxe5 dxe5 11. Qd2 b5 12. a3 a5 13. Rfe1 Rb8 14. Qd3 O-O 15.
Nd2 Re8 16. Rad1 Bf8 17. Qe2 Kg7 18. Qf3 Bc5 19. Bxc5 Nxc5 20. Qe3 Ne6 21. Bxe6
Bxe6 22. Nf3 Nd7 23. Re2 b4 24. axb4 axb4 25. Na4 c5 26. b3 c4 27. bxc4 Bxc4
28. Red2 Bb5 29. Nb2 Re7 30. Nd3 Qc3 31. Qa7 Rbe8 32. Qa5 Bxd3 33. Rxd3 Qc5 34.
Rd5 Qxa5 35. Rxa5 Nf6 36. Re1 Rc7 37. Rb5 Rc4 38. Nxe5 Rxe4 39. Rxe4 Nxe4 40.
Nd3 f5 41. Rxb4 Rc8 42. Rb2 Nd2 43. f3 Nc4 44. Rb7+ Kf6 45. Kf2 Na3 46. Rb6+
Kg7 47. Nf4 Rxc2+ 48. Kg3 g5 49. Nh5+ Kh7 50. Nf6+ Kg7 51. Nh5+ Kh7 52. Nf6+
Kg7 53. Nh5+ 1/2-1/2

[Event "SF Olfen 1 - SC Rochade Emsdetten 2"]
[Site "Verbandsliga 2015/2016"]
[Date "2015.09.12"]
[Round "1.4"]
[White "Engelkamp, Stephan"]
[Black "Nöring, Andreas"]
[Result "1-0"]
[WhiteElo "1897"]
[BlackElo "1833"]
[PlyCount "103"]
[EventDate "2015.??.??"]
[SourceDate "2015.09.20"]

1. c4 f5 2. Nc3 Nf6 3. g3 d6 4. d4 g6 5. Bg2 Bg7 6. Nf3 O-O 7. O-O Nc6 8. b3
Ne4 9. Bb2 Nxc3 10. Bxc3 Qe8 11. e3 e5 12. Qc2 Qe7 13. a3 a6 14. Bb2 e4 15. Nd2
Bd7 16. b4 Nd8 17. a4 Ne6 18. Qb3 Qf7 19. f3 exf3 20. Nxf3 c6 21. b5 axb5 22.
axb5 cxb5 23. cxb5 Ng5 24. Qxf7+ Nxf7 25. b6 Bc6 26. Ra7 Rfe8 27. Rfa1 Rad8 28.
Kf2 d5 29. Bf1 Nd6 30. Bd3 Nc8 31. R7a3 Nxb6 32. Bc3 Ra8 33. Ba5 Nd7 34. Bc3
Rxa3 35. Rxa3 Bh6 36. Bd2 Bf8 37. Rb3 Bd6 38. Ne1 Nf6 39. Ke2 Ng4 40. h3 Nf6
41. Kf3 Nh5 42. g4 fxg4+ 43. hxg4 Rf8+ 44. Kg2 Nf6 45. g5 Ng4 46. Nf3 Re8 47.
Bb1 h5 48. Bxg6 Re7 49. Bxh5 Ba4 50. Rb6 Bc7 51. Rxb7 Bc6 52. Ra7 1-0

[Event "SF Olfen 1 - SC Rochade Emsdetten 2"]
[Site "Verbandsliga 2015/2016"]
[Date "2015.09.12"]
[Round "1.5"]
[White "Fehlings, Gerd"]
[Black "Preuß, Richard"]
[Result "1/2-1/2"]
[WhiteElo "1735"]
[BlackElo "1767"]
[PlyCount "46"]
[EventDate "2015.??.??"]
[SourceDate "2015.09.20"]

1. Nf3 d5 2. d4 e6 3. c4 c6 4. g3 Nf6 5. Bg2 Nbd7 6. Qc2 Be7 7. O-O O-O 8. Nbd2
Qc7 9. e4 dxe4 10. Nxe4 Nxe4 11. Qxe4 Nf6 12. Qe2 c5 13. b3 cxd4 14. Bb2 b6 15.
Nxd4 Bb7 16. Nb5 Qc8 17. Bxb7 Qxb7 18. Rad1 Rfd8 19. Be5 a6 20. Nc3 Nd7 21. Bd6
Nc5 22. Bxe7 Qxe7 23. Ne4 Nxe4 1/2-1/2

[Event "SF Olfen 1 - SC Rochade Emsdetten 2"]
[Site "Verbandsliga 2015/2016"]
[Date "2015.09.12"]
[Round "1.6"]
[White "Boenigk, Winfried"]
[Black "Lachmuth, Matthias"]
[Result "0-1"]
[WhiteElo "1751"]
[BlackElo "1758"]
[PlyCount "84"]
[EventDate "2015.??.??"]
[SourceDate "2015.09.20"]

1. d4 Nf6 2. c4 e6 3. Nc3 d5 4. Bg5 Be7 5. Nf3 b6 6. e3 Bb7 7. Rc1 a6 8. Be2
Nbd7 9. O-O O-O 10. h3 c5 11. cxd5 Nxd5 12. Bxe7 Qxe7 13. Nxd5 Bxd5 14. a3 b5
15. dxc5 Nxc5 16. b4 Na4 17. Nd2 Rac8 18. Bf3 Nb2 19. Qe2 Nc4 20. Bxd5 exd5 21.
Qd3 Rfd8 22. Rfd1 Nb2 23. Qd4 Nxd1 24. Rxd1 Qc7 25. Nb3 Qc3 26. Nc5 Qxd4 27.
Rxd4 Rc7 28. e4 a5 29. exd5 axb4 30. axb4 Kf8 31. f4 Ke7 32. Kf2 Ra7 33. Kf3
Ra3+ 34. Ke4 g6 35. Rd2 Rc3 36. Rd3 Rxd3 37. Nxd3 Kd6 38. Ne5 f5+ 39. Kd4 Rc8
40. Nc6 Ra8 41. Na5 Ra7 42. g4 Re7 0-1

[Event "SF Olfen 1 - SC Rochade Emsdetten 2"]
[Site "Verbandsliga 2015/2016"]
[Date "2015.09.12"]
[Round "1.7"]
[White "Schulte, Ralf"]
[Black "Steffens, Gerd"]
[Result "0-1"]
[WhiteElo "1774"]
[BlackElo "1790"]
[PlyCount "76"]
[EventDate "2015.??.??"]
[SourceDate "2015.09.20"]

1. d4 e6 2. Nf3 f5 3. g3 b6 4. Bg2 Bb7 5. O-O Nf6 6. c4 Be7 7. b3 O-O 8. Bb2
Qe8 9. Nc3 Ne4 10. Qc2 d5 11. cxd5 exd5 12. Rac1 c6 13. Rfd1 Nd7 14. e3 Bd6 15.
Ne2 Ndf6 16. Nf4 g5 17. Nd3 Rc8 18. b4 Ng4 19. h3 Ngf6 20. Nfe5 Nd7 21. a3 Nxe5
22. Nxe5 Rf6 23. Qe2 c5 24. bxc5 bxc5 25. Kh2 f4 26. exf4 gxf4 27. Ng4 fxg3+
28. fxg3 Bxg3+ 29. Kg1 Bf2+ 30. Nxf2 Rxf2 31. Qg4+ Kh8 32. Bxe4 Rxb2 33. Bg2
Qe3+ 34. Kh1 Rg8 35. Qf3 Qg5 36. Rg1 c4 37. Rcf1 c3 38. Qf7 Rxg2 0-1

[Event "SF Olfen 1 - SC Rochade Emsdetten 2"]
[Site "Verbandsliga 2015/2016"]
[Date "2015.09.12"]
[Round "1.8"]
[White "Heimann, Karsten"]
[Black "Colmer, Willi"]
[Result "1/2-1/2"]
[WhiteElo "1653"]
[BlackElo "1775"]
[PlyCount "37"]
[EventDate "2015.??.??"]
[SourceDate "2015.09.20"]

1. e4 c5 2. Nf3 g6 3. d4 Bg7 4. c3 Qa5 5. Bc4 cxd4 6. Nxd4 Nc6 7. Nf3 Nf6 8.
Nbd2 O-O 9. O-O d6 10. Qb3 Qc7 11. Qc2 Na5 12. Bd3 d5 13. exd5 Nxd5 14. Nb3
Nxb3 15. Qxb3 Nf4 16. Qc4 Qxc4 17. Bxc4 Be6 18. Bxe6 Nxe6 19. Be3 1/2-1/2

[Event "SF Beelen 1 - SK Bocholt 1"]
[Site "Verbandsliga 2015/2016"]
[Date "2015.09.12"]
[Round "1.2"]
[White "Hanewinkel, Winfried"]
[Black "Liesmann, Karsten"]
[Result "1/2-1/2"]
[WhiteElo "1902"]
[BlackElo "1987"]
[PlyCount "26"]
[EventDate "2015.??.??"]
[SourceDate "2015.09.20"]

1. d4 d5 2. c4 Nc6 3. Nf3 Bg4 4. Bf4 e6 5. e3 Nf6 6. Bd3 Bd6 7. Bg3 O-O 8. O-O
Bxg3 9. hxg3 e5 10. cxd5 Nxd5 11. e4 Ndb4 12. d5 Nd4 13. Nc3 Bxf3 1/2-1/2

[Event "SF Beelen 1 - SK Bocholt 1"]
[Site "Verbandsliga 2015/2016"]
[Date "2015.09.12"]
[Round "1.3"]
[White "Naumann, Felix"]
[Black "Hanewinkel, Martin"]
[Result "1/2-1/2"]
[WhiteElo "1805"]
[BlackElo "1842"]
[PlyCount "38"]
[EventDate "2015.??.??"]
[SourceDate "2015.09.20"]

1. d4 Nf6 2. Nf3 e6 3. Bf4 d5 4. e3 c5 5. c3 cxd4 6. exd4 a6 7. Bd3 h6 8. h3
Nc6 9. Ne5 Bd6 10. Nxc6 bxc6 11. Bxd6 Qxd6 12. O-O O-O 13. Nd2 c5 14. Qe2 a5
15. Rfc1 cxd4 16. cxd4 Ba6 17. Rc2 Bxd3 18. Qxd3 Rfc8 19. Rac1 Rxc2 1/2-1/2

[Event "SF Beelen 1 - SK Bocholt 1"]
[Site "Verbandsliga 2015/2016"]
[Date "2015.09.12"]
[Round "1.5"]
[White "Steiner, Karl"]
[Black "Ruhe, Johannes"]
[Result "1-0"]
[WhiteElo "1919"]
[BlackElo "1922"]
[PlyCount "115"]
[EventDate "2015.??.??"]
[SourceDate "2015.09.20"]

1. Nf3 Nf6 2. c4 c5 3. g3 g6 4. Bg2 Bg7 5. O-O O-O 6. e3 d6 7. d4 Nfd7 8. d5
Nb6 9. Qc2 Bd7 10. Nbd2 Na6 11. a3 Rc8 12. Rb1 e6 13. dxe6 fxe6 14. b3 Qe7 15.
Bb2 Bc6 16. Bxg7 Kxg7 17. h4 Nd7 18. b4 cxb4 19. axb4 b5 20. e4 Kg8 21. Nd4 e5
22. Nxc6 Rxc6 23. Qa2 Qf7 24. Qa5 Nc7 25. cxb5 Rb6 26. Rbc1 Nxb5 27. Nc4 Nd4
28. Nxb6 axb6 29. Qa6 b5 30. Rc7 Qe6 31. Rc8 Nf6 32. Rxf8+ Kxf8 33. Ra1 Ne2+
34. Kh1 Nd4 35. Qa8+ Ne8 36. Qd5 Nc7 37. Qxe6 Ncxe6 38. Bh3 Nc2 39. Ra8+ Ke7
40. Ra7+ Kf6 41. Bxe6 Kxe6 42. Rb7 Nxb4 43. Rxb5 Nd3 44. Kg2 h5 45. Kf3 Nc5 46.
Ke3 Kf6 47. f3 Ke6 48. Kd2 Ke7 49. Kc3 Ne6 50. Rd5 g5 51. hxg5 Nxg5 52. Rd3 Ke6
53. Kc4 Nh7 54. Kb5 Nf6 55. Kc6 Ne8 56. Rd5 Ke7 57. Ra5 Ke6 58. Ra8 1-0

[Event "SF Beelen 1 - SK Bocholt 1"]
[Site "Verbandsliga 2015/2016"]
[Date "2015.09.12"]
[Round "1.7"]
[White "Hunhoff, Andreas"]
[Black "Hanewinkel, Christian"]
[Result "1/2-1/2"]
[WhiteElo "1848"]
[BlackElo "1666"]
[PlyCount "30"]
[EventDate "2015.??.??"]
[SourceDate "2015.09.20"]

1. f4 d5 2. Nf3 Nf6 3. e3 Bf5 4. b3 Nbd7 5. Bb2 e6 6. Be2 h6 7. O-O Be7 8. h3
c6 9. Nd4 Bh7 10. a4 c5 11. Nf3 a6 12. d3 Qc7 13. Qe1 Rg8 14. Qf2 Bd6 15. Nfd2
O-O-O 1/2-1/2

[Event "SF Beelen 1 - SK Bocholt 1"]
[Site "Verbandsliga 2015/2016"]
[Date "2015.09.12"]
[Round "1.8"]
[White "Henke, Wolfgang"]
[Black "Wüstnienhaus, Andreas"]
[Result "0-1"]
[WhiteElo "1709"]
[BlackElo "1912"]
[PlyCount "76"]
[EventDate "2015.??.??"]
[SourceDate "2015.09.20"]

1. e4 c6 2. Nf3 d5 3. exd5 cxd5 4. Ne5 Nf6 5. Bb5+ Bd7 6. Nxd7 Nbxd7 7. d4 Qa5+
8. Nc3 e6 9. Qe2 a6 10. Bd3 Qb6 11. O-O Qxd4 12. Be3 Qg4 13. f3 Qh5 14. Qf2 Bd6
15. g4 Qh3 16. Rfd1 Ne5 17. Be2 Ng6 18. Bf1 Qh4 19. Qd2 h6 20. Kh1 Rc8 21. Qg2
Bf4 22. Bf2 Qg5 23. Ne2 Rxc2 24. Nxf4 Qxf4 25. Bd3 Rxb2 26. Rab1 Rxa2 27. Rxb7
O-O 28. Bb1 Rd2 29. Re1 Qc4 30. Qg3 Re2 31. Rd1 Qa4 32. Rc1 Qf4 33. Qxf4 Nxf4
34. Bg3 g5 35. Bxf4 gxf4 36. Bd3 Re3 37. Bxa6 Rxf3 38. Rb4 Ne4 0-1